The Cambridge guide to teaching English to speakers of others languages /

Uloženo v:
Podrobná bibliografie
Další autoři: Carter, Ronald (Editor), Nunan, David (Editor)
Médium: Sách giấy
Jazyk:English
Vydáno: New York : Cambridge University Press, 2001.
Témata:
Tagy: Přidat tag
Žádné tagy, Buďte první, kdo otaguje tento záznam!
Thư viện lưu trữ: Thư viện Trường Đại học Đà Lạt
LEADER 00857nam a2200325 4500
001 DLU110121018
005 ##20110510
040 # # |a DLU  |b vie 
041 # # |a eng 
044 # # |a vn 
082 # # |a 428.007  |b Cam 
245 # # |a The Cambridge guide to teaching English to speakers of others languages /  |c Edited by Ronald Carter and David Nunan. 
260 # # |a New York :  |b Cambridge University Press,  |c 2001. 
300 # # |a x, 294 p. ;  |c 25 cm. 
653 # # |a English language 
653 # # |a Language teacher 
653 # # |a Teaching methods 
700 # # |a Carter, Ronald,  |e editor. 
700 # # |a Nunan, David,  |e editor. 
923 # # |a 01/2011NN 
991 # # |a SH 
992 # # |a 213000 
994 # # |a KNN 
900 # # |a True 
911 # # |a Nguyễn Thanh Hương 
925 # # |a G 
926 # # |a A 
927 # # |a SH 
980 # # |a Thư viện Trường Đại học Đà Lạt